Регионална библиотека "Любен Каравелов" - Русе

Големите измами и как всички участваме в тях (Запис номер 78118)

MARC детайли
000 -Лидер
Контролно поле с фиксирана дължина 02679nam a2200469 c 4500
003 - Код на организацията, давaща контролен номер
Контролно поле BLK
005 - Дата и час на последна редакция
Контролно поле 20240205100545.0
008 - Елементи от данни с фиксирана дължина
fixed length control field 180408b bul|||||r ||||||| ||bul||
010 ## - Наследен системен номер
LC control number KNG00082583000
020 ## - Международен стандартен номер на книга ISBN
Международен стандартен номер на книга ISBN 954-771-123-7
-- издат.: Кръгозор
040 ## - Източник на каталожния запис
Идентификатор на билиотеката - собственик на записа BLK
041 ## - Код за език
Код за езика на текст/звукозапис или на отделно заглавие Български
Код за езика КДБФ Български
080 ## - УДК
Текстов определител УДК Икономическа психология. Икономическо поведение. Физиологични и психологични елементи. Интереси. Икономически дух
УДК код - определител по УДК 330.16
УДК определител (02.062)
УДК - код + определител 330.16(02.062)
080 ## - УДК
Текстов определител УДК Криминална социология. Престъплението като обществено явление. Сравнителен криминалитет. Причини и влияния на престъпленията. Социални фактори на престъпленията
УДК код - определител по УДК 343.97
УДК определител (02.062)
УДК - код + определител 343.97(02.062)
080 ## - УДК
Текстов определител УДК Етика на бизнеса. Успех
УДК код - определител по УДК 174.4
УДК определител (02.062)
УДК - код + определител 174.4(02.062)
080 ## - УДК
Текстов определител УДК Справедливост към другите. Честност. Кражба. Измама
УДК код - определител по УДК 177.9
УДК определител (02.062)
УДК - код + определител 177.9(02.062)
100 1# - Редна дума - Автор
Автор Левит, Стивън
Авторска отговорност първи автор
R(LIN) 298590
139 ## - Редно поле
Редна дума Левит, Стивън и др.
Авторски знак Лев - Л 35
245 10 - Сведения за заглавието
Заглавие Големите измами и как всички участваме в тях
Редно поле (дума) Стивън Левит; съавт. Стивън Дъбнър; прев. Росица Христова Панайотова.
257 ## - Страна на издаване
Страна на създаване/издаване Съединени американски щати
260 ## - Област на издателските данни
-- София
Име на издателя, разпространителя и проч. Кръгозор
Година на издаване 2006
300 ## - Физическа характеристика
Страници 272 с.
Размери/Мащаб 20 см
380 ## - Жанр
Жанр Философия
500 ## - Общи забележки
Забележка Ориг. загл. Freakonomics / Steven D. Levit, Stephen J. Dubner.
650 #4 - Допълнително описание по предмет – тема
Основно описание – тема или топоним Измами
9 (RLIN) 156494
650 #4 - Допълнително описание по предмет – тема
Основно описание – тема или топоним Стопанска етика - популярна литература
9 (RLIN) 298591
650 #4 - Допълнително описание по предмет – тема
Основно описание – тема или топоним Икономическо поведение - психологични проблеми - популярна литература
9 (RLIN) 298592
650 #4 - Допълнително описание по предмет – тема
Основно описание – тема или топоним Стопански престъпления
9 (RLIN) 271114
653 ## - Ключова дума – ненормативна
Ключова дума икономическо поведение
653 ## - Ключова дума – ненормативна
Ключова дума икономически измами
653 ## - Ключова дума – ненормативна
Ключова дума измами
653 ## - Ключова дума – ненормативна
Ключова дума стопанска етика
653 ## - Ключова дума – ненормативна
Ключова дума стопански престъпления
700 1# - Други автори (авторска отговорност)
Лично име Дъбнър, Стивън
Автороска отговорност (Описва отношението между автора и произведението) съавт.
9 (RLIN) 65916
700 ## - Други автори (авторска отговорност)
Лично име Панайотова, Росица Христова
Дати, свързани с автора 1957-
9 (RLIN) 371242
852 ## - Местоположение
Форматна сигнатура Цб 239171
856 4# - Електронен адрес и достъп
Електронен формат pdf - файл
Път до файла /url/
856 4# - Електронен адрес и достъп
Електронен формат pdf - файл
Път до файла /url/
942 ## - АРТИКУЛИ
Вид на библиотечния материал Книги
Скрит в OPAC Не
Koha issues (borrowed), all copies 7
944 ## - СЪЗДАВАНЕ И РЕДАКЦИЯ на ЗАПИСА
Създаване/Редакция Създаване
Дата на регистрацията/редакция 21.03.2008
Статус, дата на статуса Теодора Пейчева-Дянкова
Служител, извършил регистрацията/редакцията 30556
944 ## - СЪЗДАВАНЕ И РЕДАКЦИЯ на ЗАПИСА
Създаване/Редакция Редакция
Дата на регистрацията/редакция 10.04.2013
Статус, дата на статуса ф /
Служител, извършил регистрацията/редакцията
999 ## - СИСТЕМНИ КОНТРОЛНИ НОМЕРА
Koha biblionumber 78118
Koha biblioitemnumber 78118
Наличности
Код за отписване Код за изгубен артикул Код за повреда Коз за рестрикции Код за отдаване Артикулен № Име на библиотеката - собственик Име на библиотеката, в която се намира в момента Статус (Текущо местоположение) Дата на вписване в системата Местоположение - отдел Цена в лева Инвентарен номер Систематично азбучна сигнатура Баркод Номер на екземпляра Цена в евро Служебна бележка Служебен тип на артикула
  Не е изгубен Не е повреден без рестрикции ползва се в читалня 126452 Регионална библиотека "Любен Каравелов" Русе Регионална библиотека "Любен Каравелов" Русе Хранилище 2008-03-26 Хранилище 8.90 120000724897 Цб 239171 120000724897 1 4.55 Дост: Dp Вид: Д N: 6 Дата: 09.01.2008 Книги
  Не е изгубен Не е повреден без рестрикции заемане за дома 126453 Регионална библиотека "Любен Каравелов" Русе Регионална библиотека "Любен Каравелов" Русе Заемна - подръчен фонд 2013-04-05 Заемна - подръчен фонд 8.90 120000765653 П 330.16/Л 35 120000765653 2 4.55 Дост: DA Вид: А N: 4 Дата: 05.04.2013 Дата инв: 05.02.2018 Бележки инв: П2018 Книги
Vip Innovations Ltd, Rousse, Bulgaria 2025